Contribución al estudio fisiológico y terapéutico de la estovaina (Record no. 115657)

MARC details
000 -LEADER
campo de control de longitud fija 00560nam a2200145 i 4500
001 - NÚMERO DE CONTROL
campo de control 115657
003 - IDENTIFICADOR DE NÚMERO DE CONTROL
campo de control ES-MaACL
007 - CAMPO FIJO DE DESCRIPCIÓN FÍSICA--INFORMACIÓN GENERAL
campo de control de longitud fija t|
008 - DATOS DE LONGITUD FIJA--INFORMACIÓN GENERAL
campo de control de longitud fija 070424s1907 sp ||||1| spa d
100 1# - ENTRADA PRINCIPAL--NOMBRE DE PERSONA
Nombre de persona Coderque Navarro, Ramón.
9 (RLIN) 39419
245 10 - MENCIÓN DEL TÍTULO
Título Contribución al estudio fisiológico y terapéutico de la estovaina
Resto del título : memoria que para el grado de doctor en medicina presento... /
Mención de responsabilidad, etc. Ramón Coderque Navarro.
260 ## - PUBLICACIÓN, DISTRIBUCIÓN, ETC.
Lugar de publicación, distribución, etc. León :
Nombre del editor, distribuidor, etc. [s.n.],
Fecha de publicación, distribución, etc. 1907 (
Fabricante Impr. de Maximino A. Miñón)
300 ## - DESCRIPCIÓN FÍSICA
Extensión 80 p., [3] h. pleg. :
Otras características físicas il. ;
Dimensiones 22 cm.
852 ## - LOCALIZACIÓN
Ubicación ES-MaACL
Número de control de estantería T-150 bis-F-7
Holdings
Estatus retirado Estado de pérdida Estado de daño No para préstamo Colección Biblioteca de origen Biblioteca actual Ubicación en estantería Fecha de adquisición Fuente de adquisición Total de préstamos Signatura topográfica completa Código de barras Visto por última vez Precio de reemplazo Tipo de ítem Koha
        Colección de folletos Biblioteca del Ateneo de Madrid Biblioteca del Ateneo de Madrid Depósito folletos 17/01/2008     T-150 bis-F-7 1120611 23/02/2023 23/02/2023 Folleto